LDR 00631naa#a2200169#i#450# 001 EN\\bibl\105942 005 20260413133100.1 011 ## _a2949-0979 100 ## _a20260330b2026####ek#y0engy0150####ca 102 ## _aRU 200 1# _aOn the peculiarities of the pre-trial period of the criminal proceedings of the Republic of Türkiye _eJournal article 210 1# _aUfa _cUfa Law Institute of the Ministry of Internal Affairs of Russia _d2026 215 ## _a8 с. 608 ## _aJournal article _2local 675 ## _aУголовно-процессуальное право. 343.13 _z 700 #1 _aKaac _gMarina Eval'dovna 856 4# _aobshtestvo-uyi.editorum.ru _u